Prácticas de laboratorio para cursos de ingeniería mecánica basadas en un motor que funciona bajo el ciclo de Otto
Guardat en:
| Autor principal: | |
|---|---|
| Format: | Llibre |
| Publicat: |
San José, C.R
1997
|
| Matèries: | |
| Etiquetes: |
Afegir etiqueta
Sense etiquetes, Sigues el primer a etiquetar aquest registre!
|
MARC
| LEADER | 00000nam a2200000Ia 4500 | ||
|---|---|---|---|
| 003 | 008294 | ||
| 005 | 20221231144228.0 | ||
| 008 | 140114s1997 cr a m 000 ||s d | ||
| 040 | |c cru CEDI | ||
| 090 | |a TFG 3725 | ||
| 100 | |a Madrigal González, César |9 9311 | ||
| 245 | |a Prácticas de laboratorio para cursos de ingeniería mecánica basadas en un motor que funciona bajo el ciclo de Otto | ||
| 260 | |c 1997 |a San José, C.R | ||
| 300 | |a x, [93] hojas : ilustraciones (algunas a color) | ||
| 500 | |a Práctica dirigida (licenciatura en ingeniería mecánica)--Universidad de Costa Rica. Facultad de Ingeniería. Escuela de Ingeniería Mecánica | ||
| 650 | |x MOTORES DE COMBUSTION INTERNA |x MANUALES DE LABORATORIO |9 9312 | ||
| 942 | |c TFG | ||
| 999 | |c 18758 |d 18758 | ||
